| 000 | 01304nam a2200289Ia 4500 | ||
|---|---|---|---|
| 003 | OSt | ||
| 005 | 20221005110633.0 | ||
| 006 | a|||||r|||| 00| 0 | ||
| 007 | ta | ||
| 008 | 221004b |||||||| |||| 00| 0 hin d | ||
| 020 |
_a9788126330720 (hbk) _cIndian Rupees 500 |
||
| 024 | _a44144 | ||
| 037 |
_bGift, 06/06/2019, _cTextual |
||
| 040 |
_aCRL _cCRL _bhin |
||
| 041 |
_2hin _ahin |
||
| 082 | _a4:(P152), Q1 | ||
| 100 | _aमिश्र, कृष्णबिहारी, ले. | ||
| 245 | 0 |
_aहिन्दी पत्रकारिता _b जातीय चेतना और खड़ी बोली साहित्य की निर्माण - भूमि |
|
| 246 | _aHindī patrakāritā: jātīya chetanā aur khaड़ī bolī sāhitya kī nirmāṇ - bhūmi | ||
| 250 | _aसंस्करण 7 | ||
| 260 |
_aनई दिल्ली _bभारतीय ज्ञानपीठ भारत _c2011 |
||
| 300 |
_a558पृ0 _ccm. |
||
| 490 | _aलोकोदय ग्रन्थमाला; ग्रन्थांक 270 | ||
| 650 | _aहिन्दी पत्रकारिता | ||
| 942 |
_h4:(P152), Q1 _cTEXL _2cc |
||
| 999 |
_c1019422 _d1019422 |
||